• 首页
  • 本馆介绍
  • 公告通知
  • 最新文献
  • 馆藏检索
  • 电子资源
  • 读者导购
  • 参考咨询
  • 我的图书馆
  • 登录
  • 详细信息显示
  • 放入我的书架
  • 预约/预借图书
  • 作者相关作品
  • 分类相关作品
  • 丛书相关作品
  • 出版社相关作品

书目信息

  • 表格格式
  • 工作单格式
  • 卡片格式
题名:
一本好书
    
 
作者: 关正文 主编
分册: Ⅱ   如何阅读一本好书
出版信息: 济南   山东文艺出版社  2021
页数: 275页
开本: 21cm
丛书名:
单 册:
中图分类: Z835
科图分类:
主题词: 名著--ming zhu--介绍--世界
电子资源:
ISBN: 978-7-5329-6141-2
000 00882nam0 2200253 450
001 2139768162
005 20211114110253.16
010    @a978-7-5329-6141-2@dCNY49.80
100    @a20210319d2021 em y0chiy50 ea
101 0  @achi
102    @aCN@b370000
105    @ay z 000yy
200 1  @a一本好书@Ayi ben hao shu@d= The wonderful read@hⅡ@i如何阅读一本好书@f关正文主编@zeng
210    @a济南@c山东文艺出版社@d2021
215    @a275页@d21cm
300    @a白马时光
330    @a本书收录了《了不起的盖茨比》《简爱》《悲惨世界》《骆驼祥子》《鲁迅杂文集》《红岩》《汤姆·索亚历险记》《怪诞行为学》等文学名著的阅读方法。
510 1  @aWonderful read@zeng
517 1  @a如何阅读一本好书@Aru he yue du yi ben hao shu
606 0  @a名著@Aming zhu@x介绍@y世界
690    @aZ835@v5
701  0 @a关正文@Aguan zheng wen@4主编
801  0 @aCN@bBP@c20210319
905    @aZUCC@dZ835@e13:2
    
    一本好书= The wonderful read.Ⅱ.如何阅读一本好书/关正文主编.-济南:山东文艺出版社,2021
    275页;21cm
    白马时光
    
    ISBN 978-7-5329-6141-2:CNY49.80
    本书收录了《了不起的盖茨比》《简爱》《悲惨世界》《骆驼祥子》《鲁迅杂文集》《红岩》《汤姆·索亚历险记》《怪诞行为学》等文学名著的阅读方法。
●
相关链接 在五车中查询图书 在当当中查询图书 在豆瓣中查询图书


正题名:一本好书     索取号:Z835/13:2         预约/预借

序号 登录号 条形码 馆藏地/架位号 状态 备注
1 2000886349   2000886349   第三书库/ [索取号:Z835/13:2] 在馆    
2 2000886350   2000886350   第三书库/ [索取号:Z835/13:2] 在馆    
3 2000886351   2000886351   第三书库/ [索取号:Z835/13:2] 在馆    
山东省滨州职业学院图书馆 欢迎您!
大连网信软件有限公司© 版权所有